| 000 | 00322nam a22001337a 4500 | ||
|---|---|---|---|
| 003 | OSt | ||
| 005 | 20230919184150.0 | ||
| 008 | 230919b |||||||| |||| 00| 0 eng d | ||
| 040 | _cCO-JMCR | ||
| 082 | 0 | 4 |
_aC / _bCUEi |
| 100 | 1 | 0 |
_aVasco, Irene, _eautor _9496 |
| 245 |
_aCuentos de navidad / _cIrene Vasco |
||
| 942 |
_2ddc _cBK |
||
| 999 |
_c30245 _d16629 |
||